Statystyki dla Kraje Najbliżej Polski A-Z

Kliknij tutaj aby rozwiązać quiz!

Ogólne statystyki

  • Ten quiz został rozwiązany 1 808 razy
  • Średni wynik to 19 z 24

Statystyki odpowiedzi

literakraj% Poprawnych
CCzechy
96%
BBiałoruś
92%
DDania
92%
FFrancja
91%
LLitwa
91%
RRosja
91%
EEstonia
90%
ŁŁotwa
90%
NNiemcy
87%
SSłowacja
87%
UUkraina
83%
AAustria
80%
GGrecja
80%
HHolandia
80%
OOman
77%
PPortugalia
75%
TTurcja
72%
WWęgry
66%
IIrlandia
64%
MMołdawia
63%
ZZjednoczone
Emiraty Arabskie
60%
VVanuatu
56%
KKosowo
55%
JJordania
48%

Rozkład punktacji

Percentyl według liczby udzielonych odpowiedzi

Procent ludzi z każdym wynikiem

Twoja historia wyników

Nie rozwiązałeś tego quizu